370 koleksi ubat-ubatan tradisonal

Bibliographic Details
Main Author: Sidang pengarang
Format: Book
Published: Selangor : Education Matters Sdn. Bhd , 2008
Subjects:

MARC

LEADER 00000cam a2200000 7i4500
001 0000003799
005 20110704.0
020 0 0 |a 9789833866434 
090 0 0 |a 615.321   |b TRA 
100 1 0 |a Sidang pengarang 
245 1 0 |a 370 koleksi ubat-ubatan tradisonal   |c Sidang pengarang 
260 0 0 |a Selangor :   |b Education Matters Sdn. Bhd ,   |c 2008 
300 |a xiii 179 p ;   |c 20cm. 
650 0 0 |a Alternative medicine---Malaysia 
650 0 0 |a Tradisional medicine---Malaysia 
998 |a JPSM 
999 |a 007406   |b Monograph   |c Open Shelf   |e Default branch